00565cam a2200193Ia 450000100090000000300060000900500170001500800410003202000220007302000250009503500200012004000250014008200160016510000200018124500580020126000540025930000210031365000370033418143268OCoLC20190212150959.0880628s1983 txu 000 0 eng d a0912631007 (pbk.) a9780912631004 (pbk.) a(OCoLC)18143268 aOKOcOKOdOCLdCIRBC a227.8bO72C1 aOsteen, John H.14aThe confessions of a Baptist preacher /cJohn Osteen. aHouston, Tex :bJohn Osteen Publications,cc1983. a110 p. ;c21 cm. 0aWord of God (Christian theology)